| 000 -LEADER |
| fixed length control field |
01556nam a2200397 a 4500 |
| 001 - CONTROL NUMBER |
| control field |
4957069 |
| 003 - CONTROL NUMBER IDENTIFIER |
| control field |
Nust |
| 005 - DATE AND TIME OF LATEST TRANSACTION |
| control field |
20170418104358.0 |
| 008 - FIXED-LENGTH DATA ELEMENTS--GENERAL INFORMATION |
| fixed length control field |
961101s1995 gw ab b 001 0 eng d |
| 010 ## - LIBRARY OF CONGRESS CONTROL NUMBER |
| LC control number |
96216072 |
| 020 ## - INTERNATIONAL STANDARD BOOK NUMBER |
| International Standard Book Number |
3823612492 |
| 035 ## - SYSTEM CONTROL NUMBER |
| System control number |
(OCoLC)35038132 |
| 040 ## - CATALOGING SOURCE |
| Original cataloging agency |
CU-A |
| Transcribing agency |
CU-A |
| Modifying agency |
DNAL |
| -- |
DLC |
| 041 1# - LANGUAGE CODE |
| Language code of text/sound track or separate title |
eng |
| Language code of original |
ger |
| 042 ## - AUTHENTICATION CODE |
| Authentication code |
lccopycat |
| 043 ## - GEOGRAPHIC AREA CODE |
| Geographic area code |
f------ |
| 050 04 - LIBRARY OF CONGRESS CALL NUMBER |
| Classification number |
RA641.T7 |
| Item number |
N34 1995 |
| 070 0# - NATIONAL AGRICULTURAL LIBRARY CALL NUMBER |
| Classification number |
RA641.T7N3513 |
| Item number |
1995 |
| 082 00 - DEWEY DECIMAL CLASSIFICATION NUMBER |
| Classification number |
363.7063 NEG |
| Edition number |
21 |
| 100 1# - MAIN ENTRY--PERSONAL NAME |
| Personal name |
Nagel, Peter. |
| 245 10 - TITLE STATEMENT |
| Title |
Environmental monitoring handbook for tsetse control operations / |
| Statement of responsibility, etc. |
by Peter Nagel ; [translation, Walter Erdelen]. |
| 260 ## - PUBLICATION, DISTRIBUTION, ETC. |
| Place of publication, distribution, etc. |
Weikersheim, Germany : |
| Name of publisher, distributor, etc. |
Margraf Verlag, |
| Date of publication, distribution, etc. |
c1995. |
| 300 ## - PHYSICAL DESCRIPTION |
| Extent |
xii, 323 p. : |
| Other physical details |
ill., maps ; |
| Dimensions |
24 cm. |
| 500 ## - GENERAL NOTE |
| General note |
On cover: CTA, RTTCP, the Scientific Environmental Monitoring Group (SEMG). |
| 501 ## - WITH NOTE |
| With note |
H.B |
| 504 ## - BIBLIOGRAPHY, ETC. NOTE |
| Bibliography, etc. note |
Includes bibliographical references (p. 246-277) and indexes. |
| 650 #0 - SUBJECT ADDED ENTRY--TOPICAL TERM |
| Topical term or geographic name entry element |
Tsetse-flies |
| General subdivision |
Control |
| -- |
Environmental aspects |
| Geographic subdivision |
Africa. |
| 650 #0 - SUBJECT ADDED ENTRY--TOPICAL TERM |
| Topical term or geographic name entry element |
Trypanosomiasis |
| General subdivision |
Control |
| -- |
Environmental aspects |
| Geographic subdivision |
Africa. |
| 650 #0 - SUBJECT ADDED ENTRY--TOPICAL TERM |
| Topical term or geographic name entry element |
Insecticides |
| General subdivision |
Environmental aspects |
| Geographic subdivision |
Africa. |
| 710 2# - ADDED ENTRY--CORPORATE NAME |
| Corporate name or jurisdiction name as entry element |
Technical Centre for Agricultural and Rural Cooperation (Ede, Netherlands). |
| 710 2# - ADDED ENTRY--CORPORATE NAME |
| Corporate name or jurisdiction name as entry element |
Regional Tsetse and Trypanosomiasis Control Programme. |
| 710 2# - ADDED ENTRY--CORPORATE NAME |
| Corporate name or jurisdiction name as entry element |
Scientific Environmental Monitoring Group. |
| 906 ## - LOCAL DATA ELEMENT F, LDF (RLIN) |
| a |
7 |
| b |
cbc |
| c |
copycat |
| d |
3 |
| e |
ncip |
| f |
19 |
| g |
y-gencatlg |
| 942 ## - ADDED ENTRY ELEMENTS (KOHA) |
| Source of classification or shelving scheme |
|
| Koha item type |
Book |
| Call number prefix |
363.7063 NEG |